MARC

LEADER 00000nam0a2200000 4500
001 24249
005 20231030200126.0
010 |a 5691002600 
035 |a (RuTPU)RU\TPU\book\24476 
035 |a BOOK00024549 
090 |a 24249 
100 |a 20011209d2000 m y0rusy50 ca 
101 0 |a rus 
102 |a RU 
105 |a y j 000zy 
200 1 |a Введение в конфликтологию  |e учебное пособие для вузов  |f Г. И. Козырев 
210 |a Москва  |c Владос  |d 2000 
215 |a 174 с. 
225 1 |a Учебное пособие для вузов 
451 1 |0 (RuTPU)RU\TPU\book\47783  |y 5-691-00260-0  |t Введение в конфликтологию  |o учебное пособие  |f Г. И. Козырев  |c М.  |n Владос  |d 2001  |p 176 с.  |a Козырев, Геннадий Иванович 
451 1 |0 (RuTPU)RU\TPU\book\12082  |y 5691002600  |t Введение в конфликтологию  |o учебное пособие  |f Г. И. Козырев  |c М.  |n Владос  |d 1999  |p 174 с.  |s Учебное пособие для вузов  |a Козырев, Геннадий Иванович 
610 1 |a социология 
610 1 |a конфликты 
610 1 |a социальная конфликтология 
610 1 |a учебные пособия 
686 |a С55.51я73  |v LBC/SL-A  |2 rubbk 
700 1 |a Козырев  |b Г. И.  |g Геннадий Иванович 
801 0 |a RU  |b 63413507  |c 20011209  |g PSBO 
801 2 |a RU  |b 63413507  |c 20170427  |g PSBO 
900 |a Социология 
942 |c BK